| 000 | 00552nam a2200181Ia 4500 | ||
|---|---|---|---|
| 008 | 100920s9999 xx 000 0 und d | ||
| 082 |
_b65805 _a24 थ 88 |
||
| 100 | _aकाळे वैजयंती. | ||
| 245 | _aअधिकार. | ||
| 260 |
_bनंदादीप बुक सर्व्हिसेस्र, सोलापूर. _c1988 |
||
| 300 |
_a203 _bसाधी |
||
| 365 | _b60 | ||
| 520 | _aसायो. | ||
| 630 | _aअधिकार. | ||
| 650 | _aसायो. | ||
| 730 | _aअधिकार. | ||
| 942 | _cBOOK | ||
| 999 |
_c708516 _d708513 |
||